NFL, NBA, NHL ja MLB joukkueet suomeksi - Statistics

Yleistilastot
  • Tätä visaa on pelattu 18 kertaa
    14 viimeisimmän päivityksen jälkeen
  • Keskiarvotulos 34 / 124
Vastaustilastot
Joukkueet % Oikein
Hurrikaanit
83%
Kuninkaat
83%
Pantterit
83%
Villi
83%
Ankat
75%
Hait
75%
Kanadalaiset
75%
Mammutti
75%
Senaattorit
75%
Tähdet
75%
Karhut
67%
Kultaiset Ritarit
67%
Lumivyöry
67%
Paholaiset
67%
Punaiset
67%
Salama
67%
Siniset
67%
Sinitakit
67%
Vaahteranlehdet
67%
Liekit
58%
Pingviinit
58%
Saarelaiset
58%
Sapelit
58%
Kanukit
50%
Punasiivet
50%
Saalistajat
50%
Kraken
42%
Mustahaukat
42%
Pääkaupunkilaiset
42%
Punasukat
42%
Soturit
42%
Delfiinit
33%
Kotkat
33%
Leijonat
33%
Lentäjät
33%
Merihaukat
33%
Päälliköt
33%
Patriootit
33%
Tiikerit
33%
Valkosukat
33%
Biisonit
25%
Haukat
25%
Hävittäjät
25%
Jaguaarit
25%
Kardinaalit
25%
Korpit
25%
Lämpö
25%
Lehmipojat
25%
Pelikaanit
25%
Säteet
25%
Sonnit
25%
Vartijat
25%
Velhot
25%
Viikingit
25%
Jazz
17%
Jenkit
17%
Kaksoset
17%
Kelttiläiset
17%
Rohkeat
17%
Ruskeat
17%
Teräsmiehet
17%
Timanttiselät
17%
Titaanit
17%
Ukkonen
17%
Verkot
17%
Auringot
8%
Bengalit
8%
Enkelit
8%
Hiput
8%
Hirvet
8%
Isät
8%
Järveläiset
8%
Jätit
8%
Kannukset
8%
Komentajat
8%
Kuninkaalliset
8%
Männät
8%
Marliinit
8%
Merimiehet
8%
Merirosvot
8%
Metsäsudet
8%
Öljyäjät
8%
Pakkaajat
8%
Pässit
8%
Pennut
8%
Phillies
8%
Piraatit
8%
Pyhimykset
8%
Raketit
8%
Ratsupoliisit
8%
Taika
8%
Texasilaiset
8%
Urheilijat
8%
Vauhdittajat
8%
Astrot
0%
Harmaakarhut
0%
Hornetit
0%
Itsenäiset
0%
Kalliovuoret
0%
Kansalaiset
0%
Kapinalliset
0%
Kuhankeittäjät
0%
Kullankaivajat
0%
Leikkurit
0%
Metropolitit
0%
Mustangit
0%
Oluenpanijat
0%
Orivarsat
0%
Petolinnut
0%
Polvihousut
0%
Ratsumiehet
0%
Rynnäköijät
0%
Ryöstäjät
0%
Sinitiaset
0%
Uranuurtajat
0%
Väistelijät
0%
Ehtoja vastaavia visoja ei löytynyt
Tulosjakauma
Jokaisen tuloksen saaneiden osuus
Persentiili vastausten määrän mukaan
Tuloshistoriasi
Et ole pelannut tätä visaa sen viimeisimmän päivityksen jälkeen